| 000 | 00967nam a2200241 4500 | ||
|---|---|---|---|
| 005 | 20240530110550.0 | ||
| 008 | 160702s2014 ua ||||g b 00| 0 ara d | ||
| 017 |
_a2013/15893 _bمصر. دار الكتب المصرية |
||
| 020 | _a9789771029021 | ||
| 040 | _aEG-CaGPL | ||
| 082 | 0 | 4 |
_a001.4/ _bح م _221 |
| 100 | 0 | _aحمدى احمد عبدالعزيز | |
| 245 | 1 | 0 |
_aمعايير كتابة البحوث التجريبية والنوعية : _bدليل عملى / _cتأليف حمدى احمد عبدالعزيز، هشام محمد سلامة. |
| 250 | _aط .1. | ||
| 260 |
_aالقاهرة : _bدار الفكر العربى، _c2014. |
||
| 300 |
_a136 ص. ؛ _c24 سم. |
||
| 504 | _aببليوجرافية : ص. 125-126. | ||
| 650 | 0 | 4 | _aالبحوث التجريبية |
| 650 | 0 | 4 | _aالبحوث النوعية |
| 700 | 0 |
_aهشام محمد سلامة _eمؤلف مشارك. |
|
| 942 |
_2ddc _cBK |
||
| 999 |
_c62442 _d62442 |
||